[Event "Østlandsserien 2015/2016, 4. div. A"]
[Site "Oslo NOR"]
[Date "2016.02.07"]
[Round "4"]
[White "Brenden, Torbjørn"]
[Black "Vangen, David Luangtep"]
[Result "1-0"]
[WhiteElo "1415"]
[BlackElo "894"]
[Annotator "Brenden,Torbjørn"]
[PlyCount "67"]
[EventDate "2015.11.01"]
[Board "3"]
[WhiteTeam "Follo 3"]
[BlackTeam "SK 1911 6"]

1. e4 e5 2. Nf3 Nc6 3. Bb5 a6 4. Ba4 Bc5 5. O-O d6 6. h3 Nf6 7. d3 h6 8. c3 O-O
9. Re1 Be6 10. d4 exd4 11. cxd4 b5 12. Bc2 Bb4 13. Nc3 d5 14. e5 Nh7 $2 (14...
Bxc3 15. bxc3 Ne4 16. Bxe4 dxe4 17. Rxe4 $14) 15. Qd3 g6 (15... f5 16. exf6
Nxf6 (16... Rxf6 17. Qxh7+ Kf8 18. Ne5 Bg8 19. Qh8 Ne7 20. Re3 Qd6 21. Rg3 g5
22. Nd7+ Qxd7 23. Qxf6+ Ke8 24. Bg6+ Kd8 (24... Nxg6 25. Qxg6+ Bf7 26. Qf6 Be7
27. Qh8+ Bf8 28. Re3+ Kd8 29. Qxf8+ Be8 30. Nxd5)) 17. Rxe6) 16. Bxh6 Re8 17.
Qe3 Qd7 18. Ng5 Ne7 19. Nxh7 Kxh7 20. Bg5 Nf5 21. Bxf5 Bxf5 22. Qg3 Be7 23.
Qh4+ Kg8 24. Bxe7 Rxe7 (24... Qxe7 25. Qxe7 Rxe7 26. Nxd5 Rd7 (26... Re6 27. g4
(27. Nxc7) 27... Be4 (27... Bd3 28. Nxc7)) 27. Nf6+ Kg7 28. Nxd7 Bxd7 $18) 25.
Nxd5 $3 Re6 (25... Qxd5 26. Qxe7 Qxd4 27. Rad1 Qxb2 28. Rd8+ Rxd8 29. Qxd8+ Kg7
30. Qf6+ Kh7 31. Rd1 Qe2 32. Rd8 Kh6 33. Rh8#) 26. Nf6+ Rxf6 27. exf6 Qd6 28.
Re7 Qc6 {For å hindre innslag på e8} 29. d5 $1 Qb6 (29... Qxd5 30. Qh6) 30.
Rae1 Rf8 31. g4 Bd3 32. g5 Qd6 33. Qh6 Qg3+ 34. fxg3 {Oppgitt} 1-0

[Event "Østlandsserien 2015/2016, 4. div. A"]
[Site "Oslo NOR"]
[Date "2016.02.07"]
[Round "4"]
[White "Buxrud, Fredrik Berg"]
[Black "Bø, Martin"]
[Result "0-1"]
[WhiteElo "898"]
[BlackElo "1118"]
[Annotator "Martin Bø"]
[PlyCount "80"]
[EventDate "2015.11.01"]
[Board "4"]
[WhiteTeam "SK 1911 6"]
[BlackTeam "Follo 3"]

1. d4 Nf6 2. Nf3 e6 3. a3 d5 4. e3 c5 5. Be2 Bd6 6. O-O O-O 7. c3 c4 8. b4 cxb3
9. Qxb3 b6 10. c4 dxc4 11. Qxc4 Ba6 12. Qc2 Bxe2 13. Qxe2 {Har kommet greit ut
av åpningen og stillingen er omtrent lik} Nbd7 14. e4 e5 {Veldig viktig å
stoppe hvit fra å spille e5} 15. d5 {Hvit får en beskyttet fribonde, men det
er vanskelig å gjøre noe fremgang. Sort kan ganske enkelt blokkere bonden og
ta kontroll over c-linja} Nc5 16. Nbd2 Rc8 17. Ra2 {Hvit mangler en plan og
blir spillende på sorts premisser. Hvit har problemer med å kordinere brikkene
samt kjempe om C-linja, og vil om få trekk være i fullstendig zugzwang} Na4 18.
Qe1 {Hvit har ingen trekk som gir noe progresjon, og måtte ha prøvd noe ala Lb2
} (18. Bb2 Rc2 19. Qd1 Qc7 20. Qb1 Rc8 21. Ba1 $14) 18... b5 19. Qe3 Qe7 20.
Nb1 Rc4 21. Nbd2 Rc3 22. Qe1 Rfc8 {Hvit har ingen gode trekk og står klart
dårligere. Med presist spill fra hvit kan man kanskje komme i fra det med
remis, men i praksis veldig vanskelig. Veldig gøy å spille sort nå} 23. Ra1 {
Har det ikke travelt med å vinne a3. Kan nå i ro og fred flytte springeren fra
f6 til dronningfløyen. Gir også rom for å spille f6 og frigi offiserene fra å
beskytte e5} Nd7 24. h3 Ndc5 25. Ra2 Nd3 26. Ra1 (26. Qd1 Rxc1 27. Qe2 Rxf1+
28. Nxf1 Nc1 29. Qxb5 Nxa2 30. Qxa4) 26... Nxe1 27. Rxe1 f6 28. Nh4 g6 29. g3
Bxa3 30. Bxa3 Rxa3 31. Rab1 a6 32. Ng2 Rc2 33. Nf3 Nc3 34. Rbc1 Rxc1 35. Rxc1
Ne2+ 36. Kf1 Nxc1 37. Ke1 Qb4+ 38. Kd1 Nd3 39. Ke2 Ra2+ 40. Ke3 Qc5+ 0-1

[Event "Østlandsserien 2015/2016, 3. div. B"]
[Site "Ås, Akershus NOR"]
[Date "2016.03.06"]
[Round "5"]
[White "Yndesdal, Kjell"]
[Black "Moripen, Markus"]
[Result "1-0"]
[WhiteElo "1951"]
[BlackElo "1898"]
[PlyCount "103"]
[EventDate "2015.11.01"]
[Board "1"]
[WhiteTeam "Nordstrand 4"]
[BlackTeam "Follo 1"]

1. d4 Nf6 2. c4 g6 3. Nc3 Bg7 4. e4 d6 5. f4 O-O 6. Be2 c6 7. Nf3 Nbd7 8. O-O
e5 9. fxe5 dxe5 10. d5 Qb6+ 11. Kh1 Ng4 12. Qe1 f5 13. h3 Nh6 14. Qh4 Nf7 15.
exf5 gxf5 16. Ng5 Nxg5 17. Qxg5 Nf6 18. b3 Bd7 19. Na4 Qc7 20. Nc5 cxd5 21.
Nxd7 Qxd7 22. Ba3 Ne4 23. Qh4 Rf6 24. Bf3 Rg6 25. Bxe4 dxe4 26. Rad1 Qf7 27.
Rd8+ Rxd8 28. Qxd8+ Bf8 29. Bxf8 Qxf8 30. Qxf8+ Kxf8 31. Rxf5+ Ke7 32. Rxe5+
Re6 33. Rxe6+ Kxe6 34. Kg1 Ke5 35. Kf2 Kd4 36. Ke2 Kc3 37. g4 Kb2 38. g5 Kxa2
39. h4 Kxb3 40. h5 a5 41. g6 hxg6 42. h6 a4 43. h7 Kxc4 44. h8=Q b5 45. Qc8+
Kb3 46. Qe6+ Ka3 47. Qxe4 b4 48. Qxg6 Kb2 49. Qe4 b3 50. Qxa4 Kc1 51. Kd3 b2
52. Qc2# 1-0

[Event "Østlandsserien 2015/2016, 3. div. B"]
[Site "Ås, Akershus NOR"]
[Date "2016.03.06"]
[Round "5"]
[White "Hoel, Jørgen"]
[Black "Vigdal, Per Kr"]
[Result "1-0"]
[WhiteElo "1895"]
[BlackElo "1890"]
[PlyCount "93"]
[EventDate "2015.11.01"]
[Board "2"]
[WhiteTeam "Follo 1"]
[BlackTeam "Nordstrand 4"]

1. d4 Nf6 2. Bg5 d5 3. Bxf6 gxf6 4. e3 e5 5. Nf3 e4 6. Nh4 Be6 7. g3 c5 8. c3
Qb6 9. Qd2 Nc6 10. Be2 O-O-O 11. Ng2 Bd6 12. h4 Rhg8 13. Na3 c4 14. Qc2 Rg7 15.
Nb1 Rdg8 16. Nd2 Qc7 17. O-O-O b5 18. Kb1 b4 19. Nxc4 dxc4 20. d5 bxc3 21. dxe6
Be5 22. bxc3 Qb6+ 23. Qb2 fxe6 24. Qxb6 axb6 25. Bxc4 Re8 26. Nf4 Rge7 27. Kc2
Na5 28. Bb5 Rd8 29. Rxd8+ Kxd8 30. Rd1+ Kc7 31. h5 Nb7 32. Bc4 Nc5 33. Ne2 Bd6
34. Nd4 Be5 35. Ra1 Kd6 36. Rb1 Kc7 37. a4 Nxa4 38. Ra1 Nc5 39. Ra7+ Nb7 40.
Ba6 Kc8 41. Nc6 Rc7 42. Nxe5 fxe5 43. Rxb7 Rxb7 44. g4 Kc7 45. Bxb7 Kxb7 46. g5
Kc7 47. g6 1-0

[Event "Østlandsserien 2015/2016, 3. div. B"]
[Site "Ås, Akershus NOR"]
[Date "2016.03.06"]
[Round "5"]
[White "Mathisen, Runar"]
[Black "Barane, Simon"]
[Result "0-1"]
[WhiteElo "1773"]
[BlackElo "1817"]
[PlyCount "71"]
[EventDate "2015.11.01"]
[Board "3"]
[WhiteTeam "Nordstrand 4"]
[BlackTeam "Follo 1"]

1. e4 c5 2. Nf3 d6 3. d4 cxd4 4. Nxd4 Nf6 5. f3 g6 6. c4 Bg7 7. Be3 O-O 8. Qd2
Nc6 9. Be2 e6 10. Nc3 d5 11. Nxc6 bxc6 12. Rd1 Ba6 13. cxd5 Bxe2 14. Qxe2 cxd5
15. O-O Qe7 16. Qf2 Rfc8 17. exd5 Nxd5 18. Nxd5 exd5 19. Bd4 Bxd4 20. Rxd4 Rc5
21. Re1 Qc7 22. Rd2 Rc8 23. h3 Qa5 24. a3 Rc1 25. Rxc1 Rxc1+ 26. Kh2 Qc7+ 27.
Qg3 Qb6 28. Qf2 Qd6+ 29. Qg3 Rh1+ 30. Kxh1 Qxg3 31. Rxd5 Qe1+ 32. Kh2 Qc1 33.
Rb5 Kg7 34. Rb4 Qe1 35. Re4 Qf2 36. Ra4 0-1

[Event "Østlandsserien 2015/2016, 3. div. B"]
[Site "Ås, Akershus NOR"]
[Date "2016.03.06"]
[Round "5"]
[White "Johnson, David"]
[Black "Svanholm, Børge W"]
[Result "0-1"]
[WhiteElo "1431"]
[BlackElo "1729"]
[PlyCount "104"]
[EventDate "2015.11.01"]
[Board "4"]
[WhiteTeam "Follo 1"]
[BlackTeam "Nordstrand 4"]

1. e4 e6 2. d4 d5 3. e5 c5 4. c3 Nc6 5. Nf3 Nge7 6. Bd3 cxd4 7. cxd4 Bd7 8. O-O
Qb6 9. Bc2 Ng6 10. Nc3 Be7 11. a4 a6 12. Ne2 O-O 13. Bd2 Na5 14. b4 Nc4 15. Bc3
Rac8 16. a5 Qc7 17. Bd3 Bb5 18. Rc1 Qd7 19. Re1 Rc7 20. Nd2 Nxd2 21. Qxd2 Bxd3
22. Qxd3 Rfc8 23. g3 Rc4 24. Bd2 Bxb4 25. Bxb4 Rxb4 26. Rxc8+ Qxc8 27. Ra1 Rc4
28. Rb1 Ne7 29. Qb3 Rc7 30. g4 Nc6 31. Qb6 Nd8 32. Qb4 g6 33. Rb3 Qd7 34. h4
Qe7 35. Qa4 Nc6 36. g5 h6 37. f4 h5 38. Rb6 Na7 39. Rb1 Nb5 40. Qb3 Rc4 41. Qb2
Qc7 42. Kf1 Qxa5 43. Rc1 Qc7 44. Rd1 Rc2 45. Qa1 Qc4 46. Re1 Nxd4 47. Qxd4 Rxe2
48. Rd1 Rd2+ 49. Qxc4 Rxd1+ 50. Ke2 dxc4 51. Kxd1 b5 52. Kc2 b4 0-1

[Event "Østlandsserien 2015/2016, 3. div. A"]
[Site "Ås, Akershus NOR"]
[Date "2016.03.06"]
[Round "5"]
[White "Staunsbjerg, Valdemar A"]
[Black "Andersen, Odd"]
[Result "1/2-1/2"]
[WhiteElo "1858"]
[BlackElo "1611"]
[PlyCount "145"]
[EventDate "2015.11.01"]
[Board "1"]
[WhiteTeam "Nordstrand 5"]
[BlackTeam "Follo 2"]

1. e4 d5 2. exd5 Nf6 3. d4 Qxd5 4. Nc3 Qd8 5. Bd3 Bg4 6. f3 Bh5 7. Nge2 e6 8.
Be3 Bg6 9. O-O c6 10. Bf2 Bd6 11. Ne4 Bc7 {[%emt 0:00:00]} 12. c3 O-O 13. N2g3
Nbd7 14. Re1 Nd5 15. Qb3 Qb8 16. Rad1 N7f6 17. Nc5 Bxd3 18. Nxd3 Nd7 19. Qc2
Nf4 20. Nc5 Qc8 21. Nge4 b6 22. Ng5 Nf6 23. Nce4 Nxe4 24. Qxe4 Ng6 25. Qd3 Qd7
26. Ne4 Rad8 27. Qa6 h6 28. c4 e5 29. Nc3 exd4 30. Rxd4 Qc8 31. Qxc8 Rxc8 32.
Rd7 Rfd8 33. Red1 Kf8 34. Rxd8+ Rxd8 35. Rxd8+ Bxd8 36. b3 Be7 37. g3 Ne5 38.
f4 Nd3 39. Be3 Bd6 40. Kf1 Bb4 41. Ne4 f5 42. Nf2 Nxf2 43. Bxf2 Ke7 44. Bd4 g6
45. Ke2 h5 46. Kd3 Ke6 47. Ke2 Kd6 48. Bg7 Kc7 49. Kd3 Bc5 50. Bd4 Be7 51. Be5+
Kd7 52. h4 a6 53. Bd4 Bd8 54. Be5 Be7 55. Bd4 Kc7 56. Be5+ Kb7 57. Kc3 a5 58.
Kd3 Bb4 59. Bc3 Ba3 60. Bd4 Ka6 61. Bc3 Be7 62. Bd4 a4 63. Bc3 axb3 64. axb3
Bc5 65. Be1 b5 66. b4 bxc4+ 67. Kxc4 Bg1 68. Kc3 Kb5 69. Kd3 c5 70. bxc5 Kxc5
71. Ke2 Kd4 72. Kf3 Kd3 73. Ba5 1/2-1/2

[Event "Østlandsserien 2015/2016, 3. div. A"]
[Site "Ås, Akershus NOR"]
[Date "2016.03.06"]
[Round "5"]
[White "Kielland-Lund, Jon"]
[Black "Dyrnes, Jussi"]
[Result "1/2-1/2"]
[WhiteElo "1550"]
[BlackElo "1660"]
[PlyCount "116"]
[EventDate "2015.11.01"]
[Board "2"]
[WhiteTeam "Follo 2"]
[BlackTeam "Nordstrand 5"]

1. c4 e5 2. Nc3 Nf6 3. Nf3 d6 4. d4 Nbd7 5. e4 c6 6. Be2 Qc7 7. O-O Be7 8. h3
O-O 9. Be3 Re8 10. dxe5 dxe5 11. a3 a5 12. Qc2 b6 13. Rfd1 Nc5 14. b4 axb4 15.
axb4 Rxa1 16. Rxa1 Ne6 17. Qb2 Nd7 18. Rd1 Nf4 19. Bf1 Bf8 20. g3 Ne6 21. Kg2
h6 22. Be2 Be7 23. Nh2 Nf6 24. Ng4 Nxg4 25. hxg4 Bg5 26. Bxg5 hxg5 27. f3 Nd4
28. Bf1 Qe7 29. Ne2 c5 30. bxc5 bxc5 31. Nxd4 exd4 32. Bd3 Qc7 33. Rb1 f6 34.
Qa3 Bd7 35. Qb2 Rc8 36. Qb3 Kf8 37. Rh1 Kg8 38. Rb1 Ra8 39. Qb7 Qxb7 40. Rxb7
Ra2+ 41. Kf1 Be6 42. Ke1 Ra4 43. Bc2 Ra1+ 44. Kd2 Bxc4 45. Rc7 Ra5 46. f4 gxf4
47. gxf4 Ba2 48. Bd3 Bb3 49. e5 Ra2+ 50. Ke1 Ra1+ 51. Ke2 fxe5 52. fxe5 Bd1+
53. Kd2 Bxg4 54. Rxc5 Ra2+ 55. Ke1 Ra3 56. Kd2 Ra2+ 57. Ke1 Ra1+ 58. Kd2 Ra2+
1/2-1/2

[Event "Østlandsserien 2015/2016, 3. div. A"]
[Site "Ås, Akershus NOR"]
[Date "2016.03.06"]
[Round "5"]
[White "Ness, Jarle"]
[Black "Lea, Per"]
[Result "1-0"]
[WhiteElo "1671"]
[BlackElo "1543"]
[PlyCount "73"]
[EventDate "2015.11.01"]
[Board "3"]
[WhiteTeam "Nordstrand 5"]
[BlackTeam "Follo 2"]

1. c4 Nf6 2. Nc3 g6 3. g3 Bg7 4. Bg2 d6 5. e3 c5 6. Nge2 O-O 7. O-O Nc6 8. a3
a5 9. d3 Rb8 10. h3 Bd7 11. b3 Qc8 12. Kh2 Na7 13. a4 Bc6 14. e4 Nd7 15. Bd2 h6
16. Rc1 b6 17. Nd5 Qd8 18. Bc3 e6 19. Bxg7 Kxg7 20. Ne3 Nf6 21. f4 d5 22. e5
Ne8 23. cxd5 exd5 24. d4 cxd4 25. Nxd4 Ba8 26. Qd3 Nc7 27. Rfd1 Qd7 28. Qc3
Rbc8 29. e6 fxe6 30. Nxe6+ Kg8 31. Nxf8 Kxf8 32. Qf6+ Qf7 33. Qxb6 Ne6 34.
Rxc8+ Nxc8 35. Qb8 Qb7 36. Qxb7 Bxb7 37. Bxd5 1-0

[Event "Østlandsserien 2015/2016, 3. div. A"]
[Site "Ås, Akershus NOR"]
[Date "2016.03.06"]
[Round "5"]
[White "Moberg, Jan Rune"]
[Black "Aarnes, Carl Christian"]
[Result "0-1"]
[WhiteElo "1523"]
[BlackElo "1584"]
[PlyCount "98"]
[EventDate "2015.11.01"]
[Board "4"]
[WhiteTeam "Follo 2"]
[BlackTeam "Nordstrand 5"]

1. d4 Nf6 2. c4 e6 3. Nf3 Bb4+ 4. Nc3 b6 5. g3 Bb7 6. Bg2 Ne4 7. Qd3 f5 8. O-O
O-O 9. Ng5 Nd6 10. Bxb7 Nxb7 11. e4 h6 12. Nf3 Bxc3 13. bxc3 Na5 14. d5 fxe4
15. Qxe4 Na6 16. Ba3 Rxf3 17. Qxf3 Nxc4 18. Bc1 Nc5 19. dxe6 Nxe6 20. Qd5 Na5
21. Rd1 c6 22. Qxd7 Qxd7 23. Rxd7 Nc5 24. Rd4 b5 25. Ba3 Na4 26. Rad1 Nc4 27.
Rd8+ Rxd8 28. Rxd8+ Kf7 29. Bc1 Nxc3 30. Kf1 Nxa2 31. Be3 a5 32. Ke2 Nc3+ 33.
Kd3 Nd5 34. Kd4 a4 35. Kc5 Ne7 36. Bd4 Na5 37. Kb4 Nb3 38. Bb2 g6 39. h3 Ke6
40. Bg7 Nd5+ 41. Ka3 h5 42. f4 Nd2 43. Be5 Nc4+ 44. Ka2 b4 45. Ra8 b3+ 46. Ka1
a3 47. Ra6 Nb4 48. Ra8 b2+ 49. Bxb2 axb2+ 0-1

[Event "Østlandsserien 2015/2016, 4. div. A"]
[Site "Ås, Akershus NOR"]
[Date "2016.03.06"]
[Round "5"]
[White "Kran, Ole-Christian Bakken"]
[Black "Brenden, Torbjørn"]
[Result "1-0"]
[WhiteElo "1360"]
[BlackElo "1415"]
[PlyCount "76"]
[EventDate "2015.11.01"]
[Board "1"]
[WhiteTeam "OSS-kadett (7)"]
[BlackTeam "Follo 3"]

1. e4 c5 2. Nc3 d6 3. f4 Nf6 4. Nf3 Nc6 5. Bb5 e6 6. d3 Be7 7. O-O a6 8. Bxc6+
bxc6 9. Qe1 O-O 10. h3 d5 11. Qf2 Ne8 12. Na4 Qa5 13. b3 c4 14. Bd2 Bb4 15.
Bxb4 Qxb4 16. dxc4 dxe4 17. Nd4 Bd7 18. c3 Qa5 19. c5 Ra7 20. Qc2 f5 21. b4 Qc7
22. Nb6 Nf6 23. Qb3 Nd5 24. Nxd7 Qxd7 25. Rad1 Qe8 26. c4 Nc7 27. Qa4 e5 28.
fxe5 Qxe5 29. Nxc6 Qe8 30. Rd8 Qxd8 31. Nxd8 Rxd8 32. b5 Ne6 33. b6 Rf7 34. c6
Nc5 35. Qc2 h5 36. c7 Rc8 37. Qc3 Nd3 38. b7 Rcxc7 1-0

[Event "Østlandsserien 2015/2016, 4. div. A"]
[Site "Ås, Akershus NOR"]
[Date "2016.03.06"]
[Round "5"]
[White "Thowsen, Alf Geir"]
[Black "Ski, Jonathan K"]
[Result "1/2-1/2"]
[WhiteElo "1175"]
[BlackElo "1301"]
[PlyCount "77"]
[EventDate "2015.11.01"]
[Board "2"]
[WhiteTeam "Follo 3"]
[BlackTeam "OSS-kadett (7)"]

1. d4 Nf6 2. c4 e6 3. Nc3 d5 4. Nf3 c5 5. e3 Nc6 6. cxd5 Nxd5 7. Bb5 a6 8. Ba4
b5 9. Bc2 cxd4 10. Nxd4 Nxc3 11. Nxc6 Qxd1+ 12. Bxd1 Nxd1 13. Kxd1 Bb7 14. Nd4
Bxg2 15. Rg1 Bd5 16. b3 O-O-O 17. Ke2 g6 18. Bb2 Bg7 19. Rac1+ Kb7 20. Rc5 Bxd4
21. Bxd4 Rhe8 22. Be5 Rc8 23. Rgc1 Rxc5 24. Rxc5 Rc8 25. Rc3 Rxc3 26. Bxc3 Kc6
27. Kd3 Bf3 28. b4 Kd5 29. Bf6 e5 30. a3 Ke6 31. Bg7 f5 32. Bh6 Kd5 33. Bg5 h5
34. h4 Bg2 35. f4 Bf1+ 36. Kc3 e4 37. Bh6 Bd3 38. Bg5 Be2 39. Bh6 1/2-1/2

[Event "Østlandsserien 2015/2016, 4. div. A"]
[Site "Ås, Akershus NOR"]
[Date "2016.03.06"]
[Round "5"]
[White "Ski, Alexander K"]
[Black "Aalmo, Alexander"]
[Result "1-0"]
[WhiteElo "1210"]
[BlackElo "1209"]
[PlyCount "59"]
[EventDate "2015.11.01"]
[Board "3"]
[WhiteTeam "OSS-kadett (7)"]
[BlackTeam "Follo 3"]

1. e4 c5 2. Nf3 d6 3. Bc4 Nc6 4. O-O Nf6 5. d3 e6 6. Bf4 e5 7. Be3 Be7 8. h3
O-O 9. a3 Qb6 10. b4 Nd4 11. bxc5 Nxf3+ 12. Qxf3 dxc5 13. Nd2 Qc7 14. Qe2 b6
15. f4 exf4 16. Bxf4 Bd6 17. e5 Re8 18. exd6 Rxe2 19. dxc7 Bb7 20. Rf2 Rae8 21.
Kf1 Rxf2+ 22. Kxf2 a6 23. Re1 Rc8 24. Re7 b5 25. Ba2 Kf8 26. Rxf7+ Ke8 27. Rxg7
Nh5 28. Rg8+ Kd7 29. Rxc8 Kxc8 30. Be6# 1-0

[Event "Østlandsserien 2015/2016, 4. div. A"]
[Site "Ås, Akershus NOR"]
[Date "2016.03.06"]
[Round "5"]
[White "Samset, Jon"]
[Black "Gaure, Sigurd Lauvås"]
[Result "0-1"]
[WhiteElo "1093"]
[BlackElo "1124"]
[PlyCount "74"]
[EventDate "2015.11.01"]
[Board "4"]
[WhiteTeam "Follo 3"]
[BlackTeam "OSS-kadett (7)"]

1. c4 c5 2. g3 Nf6 3. Bg2 e6 4. e4 d5 5. e5 Nfd7 6. cxd5 exd5 7. d4 Nb6 8. Nf3
Nc6 9. Be3 c4 10. Nc3 Bf5 11. O-O Nb4 12. Rc1 Nd3 13. Rc2 Bb4 14. Bg5 Qd7 15.
Qe2 O-O 16. Rd2 Na4 17. Rdd1 Bxc3 18. Nh4 Bxd4 19. Bxd5 Bg4 20. Bf3 Bxf3 21.
Nxf3 Bxb2 22. Qd2 Nb6 23. Rde1 Nxe1 24. Qxd7 Nxf3+ 25. Kg2 Nxg5 26. f4 Ne4 27.
Qxb7 Rab8 28. Qxa7 Nd5 29. Qa4 Ne3+ 30. Kg1 Bd4 31. Rc1 Rb4 32. Qc6 Nc5 33. h4
Rb2 34. a4 Nd3 35. Rf1 Nxf1+ 36. Kxf1 Rf2+ 37. Kg1 Rb8 0-1

[Event "Østlandsserien 2015/2016, 4. div. B"]
[Site "Ås, Akershus NOR"]
[Date "2016.03.06"]
[Round "5"]
[White "Syse, Knut"]
[Black "Stensland, Martin"]
[Result "1-0"]
[WhiteElo "1311"]
[BlackElo "1146"]
[PlyCount "79"]
[EventDate "2015.11.01"]
[Board "1"]
[WhiteTeam "OSS-junior (9)"]
[BlackTeam "Follo 4"]

1. e4 e5 2. Nf3 Nf6 3. Nxe5 Nxe4 4. Qe2 d5 5. d3 f6 6. Nf3 Be7 7. dxe4 O-O 8.
exd5 Re8 9. Be3 Bc5 10. Nc3 Bxe3 11. fxe3 b6 12. O-O-O Ba6 13. Qf2 Bxf1 14.
Rhxf1 Nd7 15. Nd4 Ne5 16. Nc6 Nxc6 17. dxc6 Qe7 18. Rd7 Qe5 19. Qf4 Qc5 20. Qg3
g6 21. Rxf6 Qxe3+ 22. Qxe3 Rxe3 23. Rxc7 Rd8 24. Rd7 Ree8 25. Nd5 Rxd7 26. cxd7
Rd8 27. Rd6 Kf7 28. Nf4 Ke7 29. Rd1 Rxd7 30. Rxd7+ Kxd7 31. Kd2 Kd6 32. Kd3 Ke5
33. Ke3 g5 34. Nd3+ Kf5 35. Kf3 h5 36. h3 g4+ 37. hxg4+ hxg4+ 38. Kg3 Kg5 39.
a4 a5 40. c3 1-0

[Event "Østlandsserien 2015/2016, 4. div. B"]
[Site "Ås, Akershus NOR"]
[Date "2016.03.06"]
[Round "5"]
[White "Petersen, Rune J"]
[Black "Melaa, Sondre Lillestøl"]
[Result "0-1"]
[WhiteElo "860"]
[BlackElo "1203"]
[PlyCount "70"]
[EventDate "2015.11.01"]
[Board "2"]
[WhiteTeam "Follo 4"]
[BlackTeam "OSS-junior (9)"]

1. d4 d5 2. Nf3 Nf6 3. e3 e6 4. Nc3 c5 5. b3 Nc6 6. Bb5 Bd7 7. O-O Bd6 8. h3
O-O 9. a4 Qc7 10. Ba3 cxd4 11. Bxd6 Qxd6 12. exd4 Rac8 13. Qd2 a6 14. Bd3 Qb4
15. Ne2 Qxd2 16. Nxd2 Nb4 17. Rfc1 Rc7 18. Nf4 g5 19. Ne2 Rfc8 20. Ng3 Nxd3 21.
Rd1 Rxc2 22. Nf3 Nxf2 23. Rf1 N6e4 24. Nxe4 Nxe4 25. Ne5 Be8 26. Ng4 Re2 27.
Nf6+ Nxf6 28. Rxf6 Rcc2 29. g4 Kg7 30. Rf3 b5 31. Kf1 Rh2 32. Ke1 bxa4 33. b4
Bb5 34. Kd1 Rcg2 35. Re3 Rh1+ 0-1

[Event "Østlandsserien 2014/2015, 3. div. B"]
[Site "Strømmen, Akershus NOR"]
[Date "2014.11.02"]
[Round "1.1"]
[White "Flügel, Stefan"]
[Black "Engevik, Bjarne J"]
[Result "1-0"]
[WhiteElo "1691"]
[BlackElo "1652"]
[Annotator "Flügel, Stefan"]
[PlyCount "87"]
[EventDate "2014.11.02"]
[WhiteTeam "Follo 1"]
[BlackTeam "Strømmen 2"]

1. Nc3 {[%emt 0:00:00]} Nf6 {[%emt 0:00:00]} 2. g4 $6 {[%emt 0:00:00] Tübinger
Gambit - et nokså tvilsomt forsøk å unngå overgang til mer teoretiske
stillinger (som mot Per i 2013 da jeg spilte det konservative 2.e4). Som i
andre (ekte) Gambits og (da man ikke vinne bonden tilbake med en gang) er
ideen å få tak på sentrum og rask utvikling.} Nxg4 3. e4 d6 4. Be2 Nf6 5. d4 g6
{en av hovedtrekkene i varianten} (5... e5 {[%emt 0:00:00]} 6. dxe5 {[%emt 0:
00:05]} dxe5 {[%emt 0:00:02]} 7. Qxd8+ {[%emt 0:00:03]} Kxd8 {[%emt 0:00:04]}
8. Nf3 Nc6 9. Bg5 {er en annet hovedvariant; erfaringsmessig har hvit
tilstrekkelig kompensasjon her og svart må passe seg for å ikke bli overkjørt})
6. Bg5 Bg7 7. Qd2 O-O 8. h4 {ett nytt trekk i følge online-databasen til
chessbase.} h5 9. O-O-O Ng4 10. Nh3 Nc6 11. f3 Nxd4 $6 {en kreativ løsning;
svart ofrer springern for 2 bønden. Objektivt sett nok en feil} 12. fxg4 Nxe2+
13. Nxe2 Bxg4 14. Nf2 Bd7 15. Bh6 {et viktig trekk som fjerner svarts sterke
løper} Bc6 16. Bxg7 Kxg7 17. Nd4 e5 18. Nxc6 bxc6 19. Qc3 c5 20. Nd3 Qe7 21.
Rdf1 (21. Nf4 $1) 21... Kh7 22. Ne1 f5 $6 23. exf5 gxf5 (23... Rxf5 24. Rxf5
gxf5 25. Qf3 $1) 24. Nf3 {svarts bønder ser litt farlig ut men så lenge jeg
kan sette springern på g5 virker det at jeg har alltid nok motspill} Rab8 25.
a3 Qf6 26. Rhg1 e4 $2 {en alvorig feil; etter trekket var jeg nokså sikkert at
jeg hadde god kontroll over partiet} 27. Ng5+ Kh6 28. Qxf6+ Rxf6 29. Nxe4 {
uten e-bonde faller f-bonden nok snart den og} Rff8 30. Ng5 Rbe8 31. Kd2 f4 32.
Rf3 Rf6 33. Nh3 Re4 34. c3 c4 35. Re1 Re5 36. Rxf4 Rd5+ 37. Kc2 Rg6 38. Ng5 Rb5
39. Re7 {truer matt på h7} Rbxg5 40. hxg5+ Kxg5 41. Rf2 Kh6 42. Rxc7 d5 43.
Rxa7 h4 44. Rh2 {og oppgitt. Min første seier i ØS for Follo} 1-0

[Event "Østlandsserien 2014/2015, 3. div. B"]
[Site "Strømmen, Akershus NOR"]
[Date "2014.11.02"]
[Round "1.2"]
[White "Bruun, Frank Olav"]
[Black "Furnes, Torstein"]
[Result "1/2-1/2"]
[WhiteElo "1484"]
[BlackElo "1676"]
[Annotator "Furnes, Torstein"]
[PlyCount "75"]
[EventDate "2014.11.02"]
[WhiteTeam "Strømmen 2"]
[BlackTeam "Follo 1"]

1. d4 d5 2. c4 e6 3. Nf3 Nf6 4. Nc3 Be7 5. e3 O-O 6. Bd3 dxc4 7. Bxc4 c5 8. O-O
Nbd7 9. Re1 a6 10. a4 b6 11. d5 exd5 12. Nxd5 Bb7 13. Nxe7+ Qxe7 14. Qe2 Qe4
15. Bd3 Qc6 16. e4 Rfe8 17. Nd2 Ne5 18. f3 Nxd3 19. Qxd3 Rad8 20. Qe2 b5 21. b3
Nd7 22. Bb2 Ne5 23. axb5 axb5 24. Bxe5 Rxe5 25. Qf2 c4 {Jeg bestemmer meg for
å skaffe meg en fribonde. Men bonden kan også bli svak i noen varianter.
Førstevalget til Fritz var Td3 (-0.35).} 26. bxc4 bxc4 27. Rec1 c3 28. Nb3 Re7
$2 {En feil. Førstevalgene til Fritz er Dc7 eller Df6 med hvit fordel på 0.25.}
29. Na5 Qf6 30. Nxb7 Rxb7 31. Qc5 Rb2 32. Qxc3 Qb6+ 33. Qc5 $2 {En feil som
gir svart sjansen til å avgjøre partiet med en liten kombinasjon.} Qg6 $4 {
Svart overser vinstvarianten.} (33... Rd1+ $1 34. Rxd1 Qxc5+ 35. Kh1 h5 $19)
34. Rc2 Rbb8 35. Rac1 h6 36. Qe3 Qa6 37. Rc6 Qa2 38. R6c2 1/2-1/2